Tracing genres through organizations. A sociocultural approach to information design
Saved in:
| Main Author: | |
|---|---|
| Format: | Book |
| Language: | English |
| Published: |
Cambridge, Massachusetts, USA:
The MIT Press,
2003
|
| Series: | Acting with technology
|
| Subjects: | |
| Tags: |
Add Tag
No Tags, Be the first to tag this record!
|
MARC
| LEADER | 00000nam a22000007a 4500 | ||
|---|---|---|---|
| 003 | CL-VaPUC | ||
| 005 | 20220502092407.0 | ||
| 008 | 220407b2003 ||||| |||| 00| 0 eng d | ||
| 999 | |c 435321 |d 435319 | ||
| 020 | |a 0-262-19491-0 | ||
| 040 | |c Pontificia Universidad Católica de Valparaíso | ||
| 082 | 7 | |a 303.4833 SPI 2003 |2 22 | |
| 100 | 1 | |a Spinuzzi, Clay |e author |9 868124 | |
| 245 | |a Tracing genres through organizations. |b A sociocultural approach to information design | ||
| 260 | |a Cambridge, Massachusetts, USA: |b The MIT Press, |c 2003 | ||
| 300 | |a 246 páginas | ||
| 490 | |a Acting with technology | ||
| 500 | |a C.1 Donación Familia profesor Giovanni Parodi S. Memo 01/2022. 25-03-2022 | ||
| 583 | |c 20220407 |k Catalogador Asistente | ||
| 650 | 0 | |a Tecnología de la información |9 254825 |x Estudio de casos | |
| 650 | 0 | |a Organización |9 256369 |x Estudio de casos | |
| 942 | |2 ddc |c BK | ||
| 952 | |0 0 |1 0 |2 ddc |4 0 |6 303_483300000000000_SPI_2003 |7 0 |8 C_GPS |9 582502 |a FDOPOS |b FDOPOS |c GEN |d 2022-04-07 |e Donación |i 5650723 |o 303.4833 SPI 2003 |p 5650723 |r 2025-01-22 |t 1 |w 2022-04-07 |y BK |k MLA | ||